000 00360cam a22000977a 4500
008 180718b1965 xxu||||| |||| 00| 0 eng d
082 _aK232x54 In2r
245 _aReport of the one-man independent body to enquire into the question of dearness allowance payable to central government employees
260 _aDelhi
_bGovernment of India Press
_c1965
300 _a61p.
999 _c499837
_d499837